| 000 | 00907nam a2200265Ia 4500 | ||
|---|---|---|---|
| 005 | 20180312142527.0 | ||
| 008 | 131019s2003 ck gr 1 spa | ||
| 020 | _a9580471525 (2a. Ed.) | ||
| 040 |
_aCO-BoUCM _bspa _cSandra Palacio (modificó) _d[Nuevo] |
||
| 041 | 0 | 0 | _aspa |
| 100 | 1 |
_aIrving, Washington _948376 |
|
| 245 | 1 | 0 |
_aCuentos de la alhambra _cWashington Irving ; traducción María Cristina Restrepo |
| 250 | _a2a ed | ||
| 260 |
_aMéxico D.F. (México) _bNorma _c2003 |
||
| 300 | _a195, 43 páginas | ||
| 490 | 0 | _aCara y Cruz | |
| 500 | _aIncluye índice | ||
| 501 | _aWashington Irving vida y obra | ||
| 650 | 1 | 7 |
_aCuentos estadounidenses _912271 |
| 650 | 2 | 7 |
_aLiteratura estadounidense _918653 |
| 700 | 1 |
_aRestrepo, María Cristina _etraductor _948377 |
|
| 765 | _aTales of Alhambra | ||
| 942 |
_cLIBRO _a18 _e2 _mI723cno _2DEWEY _h818.3 _n0 |
||
| 999 |
_c309438 _d309438 |
||